LIBRARY & INFORMATION CENTRE, KCAET, TAVANUR

ONLINE PUBLIC ACCESS CATALOGUE (OPAC)

Optimal Exploitation of Solid Mineral Resources: Challenges and Constraints / (Record no. 6734)

MARC details
000 -LEADER
fixed length control field 00334cam a2200109ua 4500
082 ## - DEWEY DECIMAL CLASSIFICATION NUMBER
Classification number 622.2
Item number ORG/OP
245 ## - TITLE STATEMENT
Title Optimal Exploitation of Solid Mineral Resources: Challenges and Constraints /
250 ## - EDITION STATEMENT
Edition statement 1 /
260 ## - PUBLICATION, DISTRIBUTION, ETC. (IMPRINT)
Place of publication Culcutta :
Name of publisher Organising Committee the 21st World Mining Comittee ,
Year of publication 1984.
300 ## - PHYSICAL DESCRIPTION
Number of Pages 218 ; .
942 ## - ADDED ENTRY ELEMENTS (KOHA)
Koha item type Reference
Holdings
Withdrawn status Lost status Damaged status Collection code Home library Current library Shelving location Date acquired Full call number Accession Number Koha item type
        KAUAET     01/10/1986 622.2 15825 Books
        KAUAET     01/10/1986 622.2 15827 Books
        KAUAET     01/10/1986 622.2 15829 Books
        KAUAET     01/10/1986 622.2 15828 Books
      Reference KAUAET KAUAET Reference 01/10/1986 622.ORG/OP 15824 Reference
      Reference KAUAET KAUAET Reference 01/10/1986 622.ORG/OP 15826 Reference
free website counter